Windows sysinternals administrator's reference / (Record no. 59435)

MARC details
000 -LEADER
fixed length control field 01029nam a22002777a 4500
005 - DATE AND TIME OF LATEST TRANSACTION
control field 20111214140633.0
008 - FIXED-LENGTH DATA ELEMENTS--GENERAL INFORMATION
fixed length control field 111214t xxu||||| |||| 00| 0 eng d
010 ## - LCCN (DPL NO)
LC control number ENG-104337
020 ## - INTERNATIONAL STANDARD BOOK NUMBER
International Standard Book Number 9788120344563
Terms of availability 495.00
035 ## - SYSTEM CONTROL NUMBER
System control number EN -87870
037 ## - SOURCE OF ACQUISITION
Source of stock number/acquisition DBAD/PUB
040 ## - CATALOGING SOURCE
Original cataloging agency DPL
Language of cataloging Eng
082 ## - DEWEY DECIMAL CLASSIFICATION NUMBER
Classification number 005.446
100 ## - MAIN ENTRY--PERSONAL NAME
9 (RLIN) 36352
Personal name Russinovich, Mark
245 ## - TITLE STATEMENT
Title Windows sysinternals administrator's reference /
Statement of responsibility, etc by Mark Russinovich [and] Aaron Margosis
260 ## - PUBLICATION, DISTRIBUTION, ETC. (IMPRINT)
Place of publication, distribution, etc New Delhi
Name of publisher, distributor, etc PHI Learning
Date of publication, distribution, etc 2012
270 ## - ADDRESS
Address M-97, Connaught Circus
City New Delhi
Postal code 110001
300 ## - PHYSICAL DESCRIPTION
Extent xxviii,462p. :
Dimensions 23cm(pbk)
Other physical details ill.
500 ## - GENERAL NOTE
General note Includes index
610 ## - SUBJECT ADDED ENTRY--CORPORATE NAME
9 (RLIN) 36477
630 ## - SUBJECT ADDED ENTRY--UNIFORM TITLE
Uniform title Microsoft Windows (Computer file)
650 ## - SUBJECT ADDED ENTRY--TOPICAL TERM
9 (RLIN) 36353
Topical term or geographic name as entry element Operating systems (Computers)
700 ## - ADDED ENTRY--PERSONAL NAME
9 (RLIN) 36394
Personal name Aaron, Margosis
942 ## - ADDED ENTRY ELEMENTS (KOHA)
Source of classification or shelving scheme Dewey Decimal Classification
Item type English Books
Call number suffix RUS
Classification part 005.446
Holdings
Withdrawn status Lost status Source of classification or shelving scheme Damaged status Not for loan Collection code Home library Current library Date acquired Source of acquisition Cost, normal purchase price Total Checkouts Full call number Barcode Date last seen Copy number Cost, replacement price Koha item type
    Dewey Decimal Classification   Not For Loan Non-fiction D.B.Act.Division D.B.Act.Division 14/12/2011 DBAD/PUB 495.00   005.446 RUS EN -87870 14/12/2011 1 495.00 English Books

© Delhi Public Library
Hit Counter
free hit counter